Every TDS Legacy Fallen Enemy - Statistics

General Stats
  • This quiz has been taken 5 times
  • The average score is 17 of 25
Answer Stats
Answer % Correct
Fallen
100%
Fallen King
100%
Heavy
100%
Quick
100%
Abnormal
80%
Abnormal Boss
80%
Dark Necromancer
80%
Error
80%
Fallen Hero
80%
Shadow
80%
Summoner Boss
80%
Tank
80%
Templar
80%
Fallen Guardian
60%
Giant Boss
60%
Glitch
60%
Hazard
60%
Mystery
60%
Mystery Boss
60%
Shadow Boss
60%
Breaker
40%
Breaker2
40%
Breaker3
40%
Breaker4
40%
Boomer
20%
No matching quizzes found
Score Distribution
Percent of People with Each Score
Percentile by Number Answered
Your Score History
You have not taken this quiz